<?xml version="1.0" encoding="UTF-8"?>
<marc:record xmlns:marc="http://www.loc.gov/MARC21/slim">
   <marc:leader>00000nam a2200000 a 4500</marc:leader>
   <marc:datafield ind1="1" ind2=" " tag="100">
      <marc:subfield code="a">Wallner, Michael</marc:subfield>
      <marc:subfield code="4">aut</marc:subfield>
      <marc:subfield code="e">Verfasser/-in</marc:subfield>
   </marc:datafield>
   <marc:datafield ind1="0" ind2="0" tag="245">
      <marc:subfield code="a">Die Zeit des Skorpions</marc:subfield>
   </marc:datafield>
   <marc:datafield ind1="0" ind2="0" tag="245">
      <marc:subfield code="c">Michael Wallner</marc:subfield>
   </marc:datafield>
   <marc:datafield ind1=" " ind2="1" tag="264">
      <marc:subfield code="a">München</marc:subfield>
      <marc:subfield code="b">cbt</marc:subfield>
      <marc:subfield code="c">2010</marc:subfield>
   </marc:datafield>
   <marc:datafield ind1="1" ind2=" " tag="490">
      <marc:subfield code="a">C.-Bertelsmann-Taschenbuch</marc:subfield>
      <marc:subfield code="v">30669 : Thriller</marc:subfield>
   </marc:datafield>
   <marc:datafield ind1=" " ind2=" " tag="250">
      <marc:subfield code="a">1. Aufl.</marc:subfield>
   </marc:datafield>
   <marc:datafield ind1="1" ind2=" " tag="520">
      <marc:subfield code="a">Angaben aus der Verlagsmeldung

Die Zeit des Skorpions / von Michael Wallner

Sie kämpfen jetzt , morgen ist es zu spät&lt;br /&gt;
&lt;br /&gt;Europa in naher Zukunft. Die Erderwärmung hat weite Teile des einst fruchtbaren Kontinents in eine Wüste verwandelt, die schon bis zum Südrand der Alpen vorgedrungen ist. Hier schließt sich die 14-jährige Tonia, als Junge verkleidet, einer Gruppe von Tuareg an, die in geheimer Mission unterwegs sind: Sie sollen ein gewaltiges Wasserreservoir freisetzen, das sich in 3000 Metern Tiefe befindet. Doch der mächtige Herrscher des Nordens, der skrupellose Finsøkker, will dies unbedingt verhindern ...&lt;br /&gt;
&lt;br /&gt;Brandaktueller Ökothriller - Klimawandel: DAS Thema, das Jugendliche wirklich interessiert.&lt;br /&gt;
&lt;br /&gt;
</marc:subfield>
   </marc:datafield>
   <marc:datafield ind1=" " ind2=" " tag="020">
      <marc:subfield code="a">9783570306697</marc:subfield>
      <marc:subfield code="9">9783570306697</marc:subfield>
   </marc:datafield>
   <marc:datafield ind1=" " ind2=" " tag="041">
      <marc:subfield code="a">ger</marc:subfield>
   </marc:datafield>
   <marc:datafield ind1=" " ind2=" " tag="300">
      <marc:subfield code="a">316 S.</marc:subfield>
   </marc:datafield>
</marc:record>
